[Event "GER-chT U20"]
[Site "Magdeburg"]
[Date "2023.12.30"]
[Round "7.1"]
[White "Dauner, Benedikt"]
[Black "Suvorov, Alexander David"]
[Result "1/2-1/2"]
[WhiteElo "2390"]
[BlackElo "2334"]
[PlyCount "40"]
[EventDate "2023.12.26"]
[EventType "team-swiss"]
[EventRounds "7"]
[EventCountry "GER"]
[SourceTitle "CB03_2024"]
[SourceDate "2024.01.17"]
[SourceVersion "1"]
[SourceVersionDate "2024.01.17"]
[SourceQuality "1"]
[WhiteTeam "Karlsruhe SF"]
[BlackTeam "Porz SG"]
[WhiteTeamCountry "GER"]
[BlackTeamCountry "GER"]

1. Nf3 Nf6 2. d4 g6 3. Nbd2 d5 4. e3 Bg7 5. b4 0-0 6. c4 c6 7. a4 Bg4 8. Be2 Nbd7 9. 0-0 a6 10. Bb2 e6 11. Re1 Ne4 12. Nxe4 dxe4 13. Nd2 Bxe2 14. Qxe2 f5 15. Red1 Qc7 16. Nb3 Rfd8 17. Rac1 Rac8 18. h3 h6 19. Ba1 Kh7 20. Qc2 h5 1/2-1/2

[Event "Benidorm op-A"]
[Site "Benidorm"]
[Date "2023.10.29"]
[Round "1"]
[White "Palomo Teruel, Xavier"]
[Black "Dauner, Benedikt"]
[Result "0-1"]
[WhiteElo "2094"]
[BlackElo "2389"]
[PlyCount "108"]
[EventDate "2023.10.29"]
[EventType "swiss"]
[EventRounds "9"]
[EventCountry "ESP"]
[SourceTitle "Mega2024 Update 01"]
[Source "Chessbase"]
[SourceDate "2023.11.12"]
[SourceVersion "1"]
[SourceVersionDate "2023.11.12"]
[SourceQuality "1"]

1. d4 d5 2. c4 e6 3. Nc3 Nf6 4. cxd5 exd5 5. Bg5 c6 6. Qc2 Be7 7. e3 h6 8. Bh4 0-0 9. Bd3 Re8 10. Nge2 Nbd7 11. 0-0 a5 12. f3 b5 13. Rae1 Ba6 14. Bf2 Qb6 15. Ng3 b4 16. Na4 Bxd3 17. Qxd3 Qb5 18. Qc2 c5 19. Nxc5 Nxc5 20. dxc5 Bxc5 21. Nf5 Rac8 22. Qd2 b3 23. a3 Qb6 24. Rc1 Kh7 25. Rfe1 g6 26. Nd4 Bxd4 27. exd4 Rxe1+ 28. Qxe1 Re8 29. Qf1 a4 30. Qd3 Re6 31. Kf1 Rc6 32. Rc5 Nd7 33. Rxc6 Qxc6 34. Be3 Nb6 35. Kf2 Nc4 36. Bc1 Qd6 37. g3 Qe6 38. Qe2 Qh3 39. Kg1 Qf5 40. Kg2 Kg7 41. Bf4 Qc2 42. Qxc2 bxc2 43. Kf2 g5 44. Bc1 Na5 45. Ke2 Nb3 46. Kd3 Nxc1+ 47. Kxc2 Nb3 48. Kc3 Kf6 49. Kb4 Ke6 50. Kxa4 Nxd4 51. b4 Kd6 52. Ka5 Nxf3 53. Kb5 Nd4+ 54. Kb6 Nc2 0-1

[Event "Titled Tuesday intern op 19th Sep Early"]
[Site "Chess.com INT"]
[Date "2023.09.19"]
[Round "3"]
[White "Dauner, Benedikt"]
[Black "Fiorito, Joaquin"]
[Result "1-0"]
[WhiteElo "2385"]
[BlackElo "2399"]
[PlyCount "101"]
[EventDate "2023.09.19"]
[EventType "swiss (blitz)"]
[EventRounds "11"]
[EventCountry "USA"]
[SourceTitle "EXT 2024"]
[Source "ChessBase"]
[SourceDate "2023.10.10"]
[SourceVersion "1"]
[SourceVersionDate "2023.10.10"]
[SourceQuality "1"]

1. Nf3 d5 2. e3 c5 3. d4 cxd4 4. exd4 Nc6 5. c3 Nf6 6. Bg5 Ne4 7. Bh4 Bg4 8. Be2 Qb6 9. Qb3 e6 10. h3 Bh5 11. Qxb6 axb6 12. Nbd2 Nxd2 13. Nxd2 Bxe2 14. Kxe2 Bd6 15. Rhe1 Kd7 16. Kd3 f6 17. f3 Rhe8 18. a3 e5 19. Bf2 Ra4 20. Nb3 b5 21. Kc2 Rc8 22. dxe5 fxe5 23. Rad1 d4 24. Kb1 Rc4 25. cxd4 exd4 26. Nxd4 Nxd4 27. Rxd4 Rxd4 28. Bxd4 g6 29. Re2 b4 30. Rd2 Ke6 31. Re2+ Kd5 32. Rd2 Ke6 33. axb4 Bxb4 34. Re2+ Kd5 35. Bf6 Bd6 36. Ka2 Rc4 37. Bc3 b5 38. Kb3 Rc7 39. Rd2+ Ke6 40. Bb4 Be5 41. Re2 Kd5 42. Be1 Rc1 43. Bd2 Rd1 44. Bc3 Bf4 45. Re4 Bd6 46. Re2 Kc6 47. Rd2 Rg1 48. Bb4 Bf4 49. Rc2+ Kb6 50. Bc5+ Ka6 51. Bxg1 1-0

[Event "Titled Tuesday intern op 19th Sep Early"]
[Site "Chess.com INT"]
[Date "2023.09.19"]
[Round "1"]
[White "Dauner, Benedikt"]
[Black "Timofeev, Artyom"]
[Result "0-1"]
[WhiteElo "2385"]
[BlackElo "2576"]
[PlyCount "130"]
[EventDate "2023.09.19"]
[EventType "swiss (blitz)"]
[EventRounds "11"]
[EventCountry "USA"]
[SourceTitle "EXT 2024"]
[Source "ChessBase"]
[SourceDate "2023.10.10"]
[SourceVersion "1"]
[SourceVersionDate "2023.10.10"]
[SourceQuality "1"]

1. d4 e6 2. Nc3 d5 3. Bf4 a6 4. e4 Nf6 5. exd5 exd5 6. Bd3 Bd6 7. Nge2 0-0 8. 0-0 Nc6 9. Bg5 Nb4 10. Ng3 h6 11. Bxf6 Qxf6 12. a3 Nxd3 13. Qxd3 c6 14. Rae1 Bd7 15. Re2 Rae8 16. Rfe1 Rxe2 17. Rxe2 g6 18. Nd1 h5 19. Nf1 Bf5 20. Qd2 Bg4 21. Re1 Bd7 22. c3 a5 23. Nde3 Re8 24. Nc2 Rb8 25. Re2 b5 26. Ne1 b4 27. axb4 axb4 28. Nd3 bxc3 29. bxc3 Rb1 30. Re1 Rxe1 31. Qxe1 Kg7 32. Nd2 Bf5 33. Qe3 Qd8 34. Ne5 Qc7 35. Nef3 Qa5 36. g3 Bh3 37. Nf1 Qa6 38. Qe1 Qd3 39. Ng5 Bxf1 40. Qxf1 Qxc3 41. Qd1 Be7 42. Nf3 Bf6 43. Kg2 g5 44. h3 g4 45. hxg4 hxg4 46. Nh2 Qxd4 47. Qe2 Qe4+ 48. Qxe4 dxe4 49. Nxg4 Bd4 50. f3 f5 51. Nh2 c5 52. fxe4 fxe4 53. Nf1 Kg6 54. Nd2 Kf5 55. Kf1 Ke5 56. Ke2 Kd5 57. g4 c4 58. g5 c3 59. Nf1 Kc4 60. g6 Kb3 61. Ne3 Bxe3 62. Kxe3 c2 63. g7 c1Q+ 64. Kxe4 Qg1 65. g8Q+ Qxg8 0-1

[Event "Munich Pfingst op-A 1st"]
[Site "Munich"]
[Date "2023.06.04"]
[Round "6"]
[White "Peycheva, Gergana"]
[Black "Dauner, Benedikt"]
[Result "1/2-1/2"]
[WhiteElo "2218"]
[BlackElo "2400"]
[PlyCount "102"]
[EventDate "2023.05.31"]
[EventType "swiss"]
[EventRounds "9"]
[EventCountry "GER"]
[SourceTitle "CBM 214 Extra"]
[Source "ChessBase"]
[SourceDate "2023.07.31"]
[SourceVersion "1"]
[SourceVersionDate "2023.07.31"]
[SourceQuality "1"]

1. d4 d5 2. c4 c6 3. e3 Nf6 4. Nc3 a6 5. Nf3 b5 6. cxd5 cxd5 7. Ne5 e6 8. Bd3 Bb7 9. 0-0 Bd6 10. f4 Nbd7 11. Bd2 0-0 12. Be1 Ne4 13. Rc1 f6 14. Nxd7 Qxd7 15. a4 Nxc3 16. Bxc3 bxa4 17. Ra1 Bc6 18. Bc2 a3 19. bxa3 Bb5 20. Rf2 Rfc8 21. Bb2 f5 22. Bb3 Bc4 23. Rc1 Bxb3 24. Qxb3 Rxc1+ 25. Bxc1 Rb8 26. Qd3 Qa4 27. Rc2 Rb7 28. h3 h6 29. Rc8+ Kh7 30. Qc2 Qxc2 31. Rxc2 Rc7 32. Rxc7 Bxc7 33. Bd2 Kg6 34. Kf2 Kf7 35. Ke2 Ke8 36. Kd3 Kd7 37. Bb4 g6 38. Bf8 h5 39. h4 Kc6 40. Kc3 Ba5+ 41. Bb4 Bd8 42. g3 a5 43. Bf8 Kb5 44. Bd6 a4 45. Bb4 Bc7 46. Kd3 Ba5 47. Bxa5 Kxa5 48. Kc3 Kb5 49. Kd3 Ka5 50. Kc3 Kb5 51. Kd3 Ka5 1/2-1/2

[Event "Titled Tuesday intern op 09th May Late"]
[Site "Chess.com INT"]
[Date "2023.05.09"]
[Round "3"]
[White "Manukyan, Sargis A"]
[Black "Dauner, Benedikt"]
[Result "1-0"]
[WhiteElo "2158"]
[BlackElo "2400"]
[PlyCount "127"]
[EventDate "2023.05.09"]
[EventType "swiss (blitz)"]
[EventRounds "11"]
[EventCountry "USA"]
[SourceTitle "CBM 214 Extra"]
[Source "ChessBase"]
[SourceDate "2023.07.31"]
[SourceVersion "1"]
[SourceVersionDate "2023.07.31"]
[SourceQuality "1"]

1. d4 g6 2. c4 Bg7 3. Nc3 b6 4. Nf3 Bb7 5. Bf4 Nf6 6. h3 0-0 7. e3 d5 8. cxd5 Nxd5 9. Nxd5 Bxd5 10. Be2 c5 11. 0-0 cxd4 12. exd4 Nc6 13. a3 Rc8 14. Be3 Bxf3 15. Bxf3 Nxd4 16. Bxd4 Qxd4 17. Rb1 Qxd1 18. Rfxd1 Rfd8 19. b3 Bd4 20. Kf1 Rc2 21. Be2 e5 22. Rbc1 Rdc8 23. Bc4 Rxf2+ 24. Ke1 Kg7 25. Rxd4 exd4 26. Kxf2 b5 27. Ke2 bxc4 28. bxc4 Kf6 29. Kd3 Rd8 30. c5 Ke6 31. Rc4 f5 32. h4 Rd5 33. c6 Rd8 34. c7 Rc8 35. Kxd4 Kd6 36. Rc5 h6 37. Rd5+ Ke6 38. Rc5 g5 39. h5 f4 40. Rc6+ Kf5 41. Kd5 Kg4 42. Kd6 Kg3 43. Kd7 Rg8 44. Rxh6 g4 45. Rg6 Rh8 46. h6 Kxg2 47. Rxg4+ Kf3 48. Rxf4+ Kxf4 49. c8Q Rxh6 50. Qf8+ Kg5 51. Kc7 Rh7+ 52. Kb8 Kg6 53. Qg8+ Rg7 54. Qxg7+ Kxg7 55. Kxa7 Kf7 56. Kb7 Ke7 57. a4 Kd7 58. a5 Kd6 59. a6 Kc5 60. a7 Kb4 61. a8Q Kb3 62. Qa6 Kb2 63. Qc6 Kb1 64. Kb6 1-0